000 00380cam a2200157ua 4500
041 _aeng
_h
082 _a826
_bWAL/SE
100 _aWalpole, Horace .
245 _aSelected letters /
_cHorace Walpole.
_hTextual Documents
250 _a1 /
_b.
260 _aLondon :
_bJ M Dent and Sons Ltd ,
_c1959.
300 _a535 ; .
504 _a
942 _cBK
999 _c7848
_d7848